| 000 | 00465 a2200133 4500 | ||
|---|---|---|---|
| 020 | _a9698414002 (unknown binding) | ||
| 020 | _a9789698414009 (unknown binding) | ||
| 090 |
_c4656 _d4656 |
||
| 245 | 0 | 0 | _aInternational conference on islamic laws and women in the modern world. |
| 260 |
_a[S.l.] : _bGiant Forum, _c1996. |
||
| 300 | _a607 p. | ||
| 856 | 4 | 0 |
_3Amazon.com _uhttp://www.amazon.com/exec/obidos/ASIN/9698414002/chopaconline-20 |
| 942 |
_aNBS _cBK _k297.082 INT |
||
| 999 |
_c347092 _d347092 |
||